| 000 | 00693nam a2200229Ia 4500 | ||
|---|---|---|---|
| 003 | OSt | ||
| 005 | 20251206110716.0 | ||
| 008 | 210716s1995 xx 000 0 und d | ||
| 020 | _a8170295602 | ||
| 040 | _cAIMIT LIBRARY | ||
| 041 | _aeng | ||
| 082 |
_a006.37 _21 _bBRAR |
||
| 100 |
_aBraden, Richard P. _9248110 |
||
| 245 |
_aBook 3 : _bpainting the screen / _cBy Braden Richard P. |
||
| 250 | _a1st ed. | ||
| 260 |
_aNew Delhi : _bBPB Publications , _c1995. |
||
| 300 |
_avi,135p. ; _bPB _c22.3 cm |
||
| 650 |
_aIntroduction _9248111 |
||
| 650 |
_aRecommended architecture for windows procedures _9248112 |
||
| 650 |
_aProject labyrinth _9248113 |
||
| 942 |
_2ddc _cBK _e1st _k006.37 BRAR |
||
| 999 |
_c182955 _d182955 |
||